000 00513nam a2200217Ia 4500
008 210210b2012 xxu||||| |||| 00| 0 eng d
020 _a9781444722666
041 _aeng
082 _a813.6 TAYD
100 _aTAYLOR (Laini)
245 _aDaughter of smoke and bone
260 _aLondon
_bHodder and Stoughton Limited
_c2012
300 _aix,385
650 _asmoke
650 _aof
650 _aDaughter
650 _abone
650 _aand
690 _aAmerican English Fiction
906 _a067248
999 _c149599
_d149599